000 00842nam a2200253Ia 4500
003 OSt
005 20221005113318.0
006 a|||||r|||| 00| 0
007 ta
008 221004b |||||||| |||| 00| 0 pan d
020 _a9788130203157 (hbk)
_c380
024 _a26485
037 _b985, 16/12/2015, H.K. Prakashan
_cTextual
040 _aCRL
_cCRL
_bpan
041 _2pan
_apan
082 _aV236.M8, 153Q5
100 _aਸਿੰਘ, ਮਹਿੰਦਰ
245 0 _aਅਕਾਲੀ ਲਹਿਰ
260 _aਪਟਿਆਲਾ
_bਪਬਲੀਕੇFਨ ਬਊਰੋ ਭਾਰਤ
_c2015
300 _a232ਪੰ
_ccm.
650 _aਭਾਰਤੀਯ ਇਤਿਹਾਸ
942 _hV236.M8, 153Q5
_cTEXL
_2cc
999 _c1027761
_d1027761